=LDR 00000nam 2200000 4500 =001 NUTBA000000000001845 =005 20200217092248 =035 ##$$a 0010-051400000000310 =008 200217################g##########0#ind## =020 ##$$a 978-602-855-387-2 =040 ##$$a NBPDMAT =082 ##$$a 153.9 =090 ##$$a 153.9 $b Ati h =100 ##$$a Ati Novianti Fatonah =245 1#$$a Hidup Dalam Kreatifitas /$c Ati Novianti Patonah =250 ##$$a Cet.1 =260 ##$$a Banten :$b Talenta Pustaka Indonesia,$c 2010 =300 ##$$a viii, 48 hlm. : $b ilus. ; $c 17,5 x 25 cm. =500 ##$$a Bibliografi : hlm. 46 =650 #4$$a Kecakapan dan Kemampuan =850 ##$$a NBPDMAT =084 ##$$a 153.9 ATI h =990 ##$$a 21400432 =990 ##$$a 21400433 =990 ##$$a 21400434 =990 ##$$a 21400435 =990 ##$$a 21400436